| 000 | 00644cam a22002293a 4500 | ||
|---|---|---|---|
| 001 | 31175 | ||
| 003 | PGUSA | ||
| 005 | 20140828083656.0 | ||
| 008 | 100203s2010||||xxu|||||s|||||000 | eng d | ||
| 040 |
_aPGUSA _beng |
||
| 042 | _adc | ||
| 050 | 4 | _aQH | |
| 100 | 1 | _aWebb, Robert G. | |
| 245 | 1 | 2 |
_aA New Species of Frog (Genus Tomodactylus) from Western México _h[electronic resource] / _cRobert G. Webb |
| 260 |
_bProject Gutenberg, _c2010 |
||
| 506 | _aPublic domain in the USA. | ||
| 516 | _aElectronic text | ||
| 653 | _aFrogs | ||
| 830 | 0 |
_aProject Gutenberg _v31175 |
|
| 856 | 4 | 0 | _uhttp://www.gutenberg.org/ebooks/31175 |
| 942 | _cEB | ||
| 999 |
_c260430 _d260430 |
||